Statistics for Countries with fewest First-Level Subdivisions

Click here to take the quiz!

General Stats

  • This quiz has been taken 35 times
  • The average score is 22 of 42

Answer Stats

# First-Level SubdivisionsCountry% Correct
NoneVatican City
95%
4Brunei
76%
2Saint Kitts and Nevis
76%
4Bahrain
71%
3Belgium
71%
3Comoros
71%
4Eswatini
71%
7Andorra
67%
5Fiji
67%
6Gambia
67%
4Mauritius
67%
7Qatar
67%
5Singapore
67%
4F.S. of Micronesia
62%
5Malta
62%
7United Arab Emirates
62%
3Bosnia and Herzegovina
57%
6Kuwait
57%
6Saint Vincent and the Grenadines
57%
7São Tomé and Príncipe
57%
5Togo
57%
5Tonga
57%
6Djibouti
52%
7Israel
52%
4(Kingdom of the) Netherlands
52%
7Grenada
48%
3Malawi
48%
5Sierra Leone
48%
6Belize
43%
7Nepal
43%
5Rwanda
43%
6Vanuatu
43%
6Cyprus
33%
7(Kingdom of) Denmark
33%
6Eritrea
29%
5Tajikistan
29%
6Turkmenistan
29%
7Costa Rica
24%
7Kosovo
24%
7Pakistan
24%
7Belarus
19%
4(Realm of) New Zealand
0%

Score Distribution

Percentile by Number Answered

Percent of People with Each Score

Your Score History

You have not taken this quiz